Modelling transport safety and its influence and mode choice behavior (Record no. 65909)

MARC details
000 -LEADER
fixed length control field 00327nam a22001097a 4500
100 ## - MAIN ENTRY--AUTHOR NAME
Personal name Sayed Ghulam Mustafa Jellani
-- 16MCEM11
245 ## - TITLE STATEMENT
Title Modelling transport safety and its influence and mode choice behavior
260 ## - PUBLICATION, DISTRIBUTION, ETC. (IMPRINT)
Place of publication Nawabshah
Name of publisher QUEST
Year of publication 2019
300 ## - PHYSICAL DESCRIPTION
Number of Pages 39
700 ## - ADDED ENTRY--PERSONAL NAME
Personal name Department of Civil Engineering
942 ## - ADDED ENTRY ELEMENTS (KOHA)
Koha item type Thesis and Dissertation
Holdings
Withdrawn status Lost status Home library Current library Date acquired Full call number Accession Number Koha item type
    Central Library, QUEST, Nawabshah Research Section 17/10/2019 R/IMS-19 MP/52-634 Thesis and Dissertation